Lịch sử văn học Nga Tập 1 Văn học dân gian Nga, văn học Nga thế kỷ XI - thế kỷ XIX

محفوظ في:
التفاصيل البيبلوغرافية
المؤلف الرئيسي: Đỗ Hồng Chung (Chủ biên)
مؤلفون آخرون: Nguyễn Hải H (Tác giả), Nguyễn Trường Lịch (Tác giả)
التنسيق: كتاب
اللغة:Vietnamese
منشور في: H. Nxb. Đại học và trung học chuyên nghiệp 1982
سلاسل:Lịch sử văn học nước ngoài
الموضوعات:
الوسوم: إضافة وسم
لا توجد وسوم, كن أول من يضع وسما على هذه التسجيلة!
Thư viện lưu trữ: Mạng thư viện Đại học Đà Nẵng
LEADER 01103nam a2200337 4500
001 000003898
003 19
005 20121211001214.0
008 110429s1982 viesd
041 0 |a vie 
082 |a 891.7  |b LIC 
100 0 |a Đỗ Hồng Chung  |e Chủ biên 
245 1 0 |a Lịch sử văn học Nga  |c Đỗ Hồng Chung  |n Tập 1  |p Văn học dân gian Nga, văn học Nga thế kỷ XI - thế kỷ XIX 
260 |a H.  |b Nxb. Đại học và trung học chuyên nghiệp  |c 1982 
300 |a 526tr.  |c 20cm 
490 |a Lịch sử văn học nước ngoài 
653 |a Văn học dân gian Nga 
653 |a Văn học Nga 
653 |a Thế kỷ XI - thế kỷ XIX 
700 |a Nguyễn Hải Hà  |e Tác giả 
700 |a Nguyễn Trường Lịch  |e Tác giả 
773 |t Lịch sử văn học Nga  |w 18 
910 |a Trần Thị Thu  |d 29/04/2011 
OWN |a LSP 
999 |a From the UDN01 
TYP |a Monograph 
TYP |a Printed language 
980 |a Mạng thư viện Đại học Đà Nẵng